000 003310000a22001450004500
041 0 _aSPA
090 _aAV 0017
100 1 _aKessler, Juan
245 1 0 _aLa cruz de Cristo / Juan Kessler
260 _aSan José, Costa Rica : IINDEF
300 _a88 Pag
650 1 4 _aREDENCION - ENSEÑANZA BIBLICA
001 3715
942 _cBK
999 _c34355
_d34355